Doctrinas y descubrimientos /
Guardado en:
| Autor Principal: | |
|---|---|
| Formato: | Libro |
| Publicado: |
Buenos Aires :
La Cultura Argentina,
1915
|
| Materias: | |
| Etiquetas: |
Agregar Etiqueta
Sin Etiquetas, Sea el primero en etiquetar este registro!
|
| LEADER | 00498nam a22001815a 4500 | ||
|---|---|---|---|
| 001 | CEM.cems000499 | ||
| 005 | 20060210000000.0 | ||
| 008 | 130507s1915##################000#0#####d | ||
| 003 | CEMS | ||
| 082 | 0 | 4 | |a 569.8 |
| 100 | 1 | |a Ameghino, Florentino | |
| 245 | 1 | 0 | |a Doctrinas y descubrimientos / |
| 260 | |a Buenos Aires : |b La Cultura Argentina, |c 1915 | ||
| 300 | |a 265 p. | ||
| 653 | |a Antropologia | ||
| 653 | |a Geologia | ||
| 653 | |a Paleontologia | ||
| 859 | |a CEMS |b BIB. CEMS - 11 de abril |h 569.8 |i Am31 |p 5709.76 |t Ej.1 | ||
